000 00535nam a2200181Ia 4500
008 240729s9999 xx 000 0 und d
022 _a2090-2158
245 0 _aInternational Journal of Nephrology
260 _aUnited Kingdom
260 _bHindawi Limited
650 _a Diseases of the genitourinary system. Urology
650 _a Internal medicine
650 _a Specialties of internal medicine
650 _aMedicine
856 _uhttps://doaj.org/toc/4dd86700039248899b12c66822e76915
942 _2ddc
942 _cDOAJEJ
999 _c71421
_d71421
945 _a1
_bMadushi Gamage
_c1
_dMadushi Gamage